Most Popular Fast Food Restaurants A-Z - Statistics

General Stats
  • This quiz has been taken 220 times
  • The average score is 9 of 19
Answer Stats
Letter Restaurant % Correct
M McDonald's
91%
B Burger King
89%
A Arby's
75%
W Wendy's
66%
T Taco Bell
60%
K KFC
59%
C Chick fil-A
57%
D Dunkin Donuts
57%
P Pizza Hut
48%
S Starbucks
48%
H Hardee's
47%
J Jack in the Box
43%
Z Zaxby's
33%
Q Qdoba
26%
F Five Guys
24%
L Little Caesars
23%
I In-n-Out Burger
10%
E El Pollo Loco
6%
N Noodles & Company
6%
No matching quizzes found
Score Distribution
Percent of People with Each Score
Percentile by Number Answered
Your Score History
You have not taken this quiz